| 000 | 01891 a2200229 4500 | ||
|---|---|---|---|
| 001 | 2402 | ||
| 005 | 20260407155423.0 | ||
| 008 | 260407a2008 arg spa d | ||
| 003 | AR-UNSa-BCEJYS | ||
| 040 |
_aAR-UNSa-BCEJYS _bspa _cAR-UNSa-BCEJYS |
||
| 080 |
_a351.72 _xFinanzas públicas. Legislación (Contabilidad Pública, Administración financiera...) |
||
| 245 | 1 | 0 | _aRégimen jurídico de la gestión y del control en la hacienda pública |
| 020 | _a978-987-03-1286-4 | ||
| 250 | _a3a. ed. | ||
| 264 | 1 |
_aBuenos Aires : _bLa Ley _c2008 |
|
| 300 |
_axxix, 958 p. _c25 cm. |
||
| 505 | _a1. La contabilidad pública - 2. La hacienda pública - 3. Organización de la hacienda del Estado - 4. Principales disposiciones legales y reglamentarias: reseña histórica - 5. El presupuesto como instrumento de contabilidad preventiva - 6. El presupuesto financiero - 7. Ejecución del presupuesto en lo relativo a gastos - 8. Ejecución del presupuesto en lo relativo a recursos - 9. Clausura del ejercicio del presupuesto - 10. El servicio del tesoro - 11. La gestión patrimonial - 12. Contratos del Estado - 13. Contrato de suministros - 14. Contrato de obra pública - 15. Trabajos y obras por administración - 16. Administración militar - 17. Registro contable de las operaciones - 18. La descentralización administrativa institucional - 19. El control de la actividad de las haciendas anexas - 20. Los responsables - 21. La vigilancia administrativa de la responsabilidad - 22. La declaración administrativa de la responsabilidad - 23. Control concomitante - 24. Control ulterior - 25. Haciendas conexas o paraestatales | ||
| 942 | _cBK | ||
| 590 | _aniveau_biblio:m niveau_hierar:0 | ||
| 100 | 1 | _aAtchabahian, Adolfo | |
| 856 | 4 | 1 |
_uhttps://biblioeco.unsa.edu.ar/pmb/images/libros/Regimen Juridico de la Gestion y del Control en la Hacienda Publica2.jpg _yImagen de portada _qimage/jpeg |
| 999 |
_c267 _d267 |
||